000 00617cam a22002293a 4500
001 10160
003 PGUSA
005 20140828083220.0
008 031101s2003||||xxu|||||s|||||000 1 eng d
040 _aPGUSA
_beng
042 _adc
050 4 _aPQ
100 1 _aFrance, Anatole,
_d1844-1924
245 1 0 _aPierre Nozière
_h[electronic resource] /
_cAnatole France
260 _bProject Gutenberg,
_c2003
506 _aPublic domain in the USA.
516 _aElectronic text
653 _aFrench fiction
830 0 _aProject Gutenberg
_v10160
856 4 0 _uhttp://www.gutenberg.org/ebooks/10160
942 _cEB
999 _c239415
_d239415